LEADER 02751nam 2200601 a 450 001 9910456627203321 005 20200520144314.0 010 $a1-282-44240-6 010 $a9786612442407 010 $a981-283-575-X 035 $a(CKB)2550000000002602 035 $a(EBL)477253 035 $a(OCoLC)567643157 035 $a(SSID)ssj0000335229 035 $a(PQKBManifestationID)11254850 035 $a(PQKBTitleCode)TC0000335229 035 $a(PQKBWorkID)10272502 035 $a(PQKB)10207477 035 $a(MiAaPQ)EBC477253 035 $a(WSP)00007059 035 $a(Au-PeEL)EBL477253 035 $a(CaPaEBR)ebr10361428 035 $a(CaONFJC)MIL244240 035 $a(EXLCZ)992550000000002602 100 $a20090520d2008 uy 0 101 0 $aeng 135 $aur|n|---||||| 181 $ctxt 182 $cc 183 $acr 200 10$aBiomaterials in Asia$b[electronic resource] $ein commemoration of the 1st Asian Biomaterials Congress, Tsukuba, Japan, 6-8 December 2007 /$fedited by Tetsuya Tateishi 210 $aSingapore ;$aHackensack, NJ $cWorld Scientific$dc2008 215 $a1 online resource (567 p.) 300 $aDescription based upon print version of record. 311 $a981-283-574-1 320 $aIncludes bibliographical references. 327 $aPreface; Organizing Committee; CONTENTS; Contributor Contact Details; PART I. General; PART II. Tissue Engineering; PART III. Polymeric Biomaterials; PART IV. Metallic Biomaterials; PART V. Bioceramics; PART VI. Drug Delivery System; PART VII. Biomechanics; PART VIII. Evaluation and Standardization 330 $aThis book is a compilation of the contributions by the outstanding scientists who attended the 1st Asian Biomaterials Congress. The 1st Asian Biomaterials Congress is the first integrated meeting on Asian biomaterials and was held in Tsukuba from 6 - 8 December 2007. The book showcases the latest and research developments in biomaterials and tissue engineering in Asia. It provides an overview of the recent advances of metallic, ceramic and polymeric materials, their composites, biomechanics, and bio-nanotechnology. It also includes the applications of biomaterials, including implantable medica 606 $aBiomedical materials$vCongresses 606 $aBiomedical materials$xResearch$zAsia$vCongresses 608 $aElectronic books. 615 0$aBiomedical materials 615 0$aBiomedical materials$xResearch 676 $a612.028 701 $aTateishi$b Tetsuya$01028099 712 12$aAsian Biomaterials Congress 801 0$bMiAaPQ 801 1$bMiAaPQ 801 2$bMiAaPQ 906 $aBOOK 912 $a9910456627203321 996 $aBiomaterials in Asia$92443948 997 $aUNINA LEADER 04840nam 2200613 a 450 001 9910786463003321 005 20230315181549.0 010 $a0-323-16163-4 035 $a(CKB)2670000000284196 035 $a(EBL)1178488 035 $a(OCoLC)850148613 035 $a(SSID)ssj0000991888 035 $a(PQKBManifestationID)11609293 035 $a(PQKBTitleCode)TC0000991888 035 $a(PQKBWorkID)10927591 035 $a(PQKB)10088675 035 $a(MiAaPQ)EBC1178488 035 $a(EXLCZ)992670000000284196 100 $a20791022d1980 uy 0 101 0 $aeng 135 $aur|n|---||||| 181 $ctxt$2rdacontent 182 $cc$2rdamedia 183 $acr$2rdacarrier 200 10$aResponses of plants to environmental stresses$hVolume I$iChilling, freezing, and high temperature stresses /$fJ. Levitt 205 $aSecond edition. 210 $aNew York $cAcademic Press$d1980 215 $a1 online resource (510 pages) $cillustrations, charts 225 1 $aPhysiological ecology : a series of monographs, texts, and treatises 300 $aDescription based upon print version of record. 311 0 $a0-12-445501-8 320 $aIncludes bibliographical references and index. 327 $aFront Cover; Chilling, Freezing, and High Temperature Stresses; Copyright Page; Table of Contents; Preface; Preface to the First Edition; PART I: STRESS CONCEPTS; Chapter 1. Stress and Strain Terminology; A. Physical Stress and Strain; B. Biological Stress and Strain; Chapter 2. The Nature of Stress Injury and Resistance; A. Stress Injury; B. Stress Resistance; C. Kinds of Stress Tolerance; Bibliography; PART II: CHILLING TEMPERATURES; Chapter 3. Chilling Injury and Resistance; A. Chilling Stress; B. Chilling Injury; C. Chilling Resistance; Bibliography; PART III: FREEZING TEMPERATURES 327 $aChapter 4. Limits of Low-Temperature Tolerance A. Dehydrated Protoplasm; B. Hydrated Protoplasm; C. Cryoprotectants; Chapter 5. The Freezing Process; A. The Freezing Stress; B. Extracellular versus Intracellular Freezing; C. Freezing, Undercooling, and Eutectic Points; D. Freeze-Dehydration; E. Measurement of Ice Formation in Plants; Chapter 6. Freezing Injury; A. Occurrence; B. Primary Direct Freezing Injury; C. The Time Factor in Relation to Injury; D. The Moment of Freezing Injury; E. Primary Indirect Freezing Injury; F. Secondary Freezing Injury 327 $aChapter 7. Freezing Resistance-Types, Measurement, and Changes A. Possible Types of Resistance; B. Measurement of Freezing Tolerance; C. Changes in Freezing Tolerance; D. The Nature of Freezing Tolerance; Chapter 8. Factors Related to Freezing Tolerance; A. Morphology, Anatomy, Organelles; B. Physiological Factors; C. Resistance Induced by Applied Substances; Chapter 9. Theories of Freezing Injury and Resistance; A. Primary, Direct (Intracellular) Freezing Injury; B. Secondary, Freeze-lnduced Dehydration Injury; Chapter 10. Molecular Basis of Freezing Injury and Tolerance 327 $aA. Evidence for a Molecular Basis B. Membrane Damage as the Initial Injurious Strain; C. The SH Hypothesis of Freezing Injury; D. Mechanism of Freeze-lnduced Membrane Damage; E. Freezing Resistance and the Hardening Mechanism; F. Metabolic Control of the Hardening Process; Bibliography; PART IV: HIGH-TEMPERATURE STRESS; Chapter 11. High-Temperature or Heat Stress; A. Quantitative Evaluation of Stress; B. Limit of High-Temperature Survival; C. The Time Factor; D. Occurrence of High-Temperature Stress and Injury in Nature; E. Nature of the Injury; F. Protective Substances 327 $aChapter 12. Heat Resistance A. Heat Avoidance; B. Heat Tolerance; C. Molecular Aspects of Thermotolerance; D. Relationship between Thermotolerance and Low-Temperature Tolerance; Bibliography; Index 330 $aResponses of Plants to Environmental Stresses, Second Edition, Volume I: Chilling, Freezing, and High Temperature Stresses encompasses essentially all the environmental stresses that have been intensively investigated. However, this edition does not include mineral deficiencies, which comprise too broad and involve a field to be incorporated with other stresses. This book attempts to analyze the possibilities of developing unified concepts of stress injury and resistance. 410 0$aPhysiological ecology. 606 $aPlants$xEffect of stress on 606 $aPlants$xHardiness 606 $aPlant ecology 615 0$aPlants$xEffect of stress on. 615 0$aPlants$xHardiness. 615 0$aPlant ecology. 676 $a581.5222 700 $aLevitt$b J$g(Jacob),$f1911-1990.$01517681 801 0$bMiAaPQ 801 1$bMiAaPQ 801 2$bMiAaPQ 906 $aBOOK 912 $a9910786463003321 996 $aResponses of plants to environmental stresses$93754890 997 $aUNINA